000 00342nam a2200133Ia 4500
008 151001s9999||||xx |||||||||||||| ||und||
100 _aप्रिया तेंडूलकर
245 _aपंचतारांकित
250 _a1
260 _bडिंपल
260 _c1989
300 _a144
365 _b21
999 _c967940
_d967937